| 000 -ლიდერი |
| ფიქსირებული სიგრძის საკონტროლო ველი |
00997nam a22001937a 4500 |
| 003 - საკონტროლო ნომრის იდენტიფიკატორი |
| საკონტროლო ველი |
Ge_BSU |
| 005 - ბოლო ოპერაციის თარიღი და დრო |
| საკონტროლო ველი |
20230824165011.0 |
| 008 - ფიქსირებული სიგრძის მონაცემთა ელემენტები - ზოგადი ინფორმაცია |
| ფიქსირებული სიგრძის საკონტროლო ველი |
230317s2010 ge ||||| |||| 00| 0 geo d |
| 020 ## - წიგნის საერთაშორისო სტანდარტული ნომერი |
| International Standard Book Number |
19879288 |
| 041 ## - ენის კოდი |
| Language code of text/sound track or separate title |
geo |
| 080 ## - უნივერსალური ათობითი კლასიფიკაციის ინდექსი |
| Universal Decimal Classification number |
81+ 82+39+94 წ–35 |
| 245 ## - ცნობა სათაურის შესახებ |
| Title |
წელიწდეული : |
| Statement of responsibility, etc |
ილია ჭავჭავაძის სახელობის ქუთაისის სამეცნიერო ბიბლიოთეკა; რედაქტორი მერაბ გვაზავა. |
| Remainder of title |
2 / |
| 264 ## - წარმოების, გამოცემის, დისტრიბუციის და სხვა ცნობები |
| გამოცემის, წარმოების, დისტრიბუციის... ადგილი |
ქუთაისი : |
| გამოცემის, წარმოების, დისტრიბუციის... სახელწოდება |
აკაკი წერეთლის სახელმწ. უნ-ტის გამ-ბა, |
| გამოცემის, წარმოების, დისტრიბუციის... თარიღი |
2010. |
| 300 ## - ფიზიკური აღწერა |
| Extent |
278 გვ.; |
| Other physical details |
24 სმ. |
| 653 ## - INDEX TERM--UNCONTROLLED |
| Uncontrolled term |
წელიწდეული |
| 700 ## - ADDED ENTRY--PERSONAL NAME |
| Personal name |
გვაზავა, მერაბ |
| Relator term |
რედაქტორი |
| 9 (RLIN) |
17223 |
| 856 ## - ELECTRONIC LOCATION AND ACCESS |
| Uniform Resource Identifier |
https://dspace.nplg.gov.ge/bitstream/1234/178743/1/Celicdeuli_2010_N2.pdf |
| Link text |
ელ. ვერსია. pdf |
| 942 ## - ADDED ENTRY ELEMENTS (KOHA) |
| Source of classification or shelving scheme |
|
| Koha item type |
წიგნი |